| 000 | 00797nam a2200253 i 4500 | ||
|---|---|---|---|
| 001 | bg | ||
| 100 | 1 | _aPATALON, Mirosław | |
| 245 | 1 | 0 |
_aTeologia a pedagogika : _bteologia mediacji H. Richarda Niebuhra jako źródło inspiracji pedagogicznych / _cMirosław Patalon ; Pomorska Akademia Pedagogiczna. |
| 260 |
_aSłupsk : _bWydaw. PAP, _c2002. |
||
| 300 |
_a279 s. ; _c20 cm. |
||
| 504 | _aBibliogr. | ||
| 600 | 1 | 9 |
_aNiebuhr, Richard _xtwórczość |
| 650 | 9 | _aPedagogika a religia | |
| 650 | 9 | _aReligia a pedagogika | |
| 650 | 9 | _aTeologia a pedagogika | |
| 710 | 0 | _aPomorska Akademia Pedagogiczna | |
| 020 | _a8388731963 | ||
| 040 | _cBPK | ||
| 041 | 0 | _apol | |
| 080 | _a261.37](73)"19"A/Z" | ||
| 920 | _a83-88731-96-3 | ||
| 942 | _cKS | ||
| 008 | s pl f |000 0 pol | ||
| 999 |
_c42494 _d42494 |
||
| 856 |
_uhttp://koha.tu.koszalin.pl/cgi-bin/koha/opac-detail.pl?biblionumber=42494 _yKatalog online BPK |
||